Waterharvesting and soil moisture retention/ (Record no. 1065)

MARC details
000 -LEADER
fixed length control field 00479nam a22001697a 4500
003 - CONTROL NUMBER IDENTIFIER
control field OSt
005 - DATE AND TIME OF LATEST TRANSACTION
control field 20240326072510.0
008 - FIXED-LENGTH DATA ELEMENTS--GENERAL INFORMATION
fixed length control field 240326b |||||||| |||| 00| 0 eng d
020 ## - INTERNATIONAL STANDARD BOOK NUMBER
International Standard Book Number 9072746759
040 ## - CATALOGING SOURCE
Original cataloging agency KMU
Language of cataloging eng
Transcribing agency KMU
Modifying agency KMU
Description conventions RDA
110 ## - MAIN ENTRY--CORPORATE NAME
Corporate name or jurisdiction name as entry element CTA
245 ## - TITLE STATEMENT
Title Waterharvesting and soil moisture retention/
Statement of responsibility, etc. CTA
260 ## - PUBLICATION, DISTRIBUTION, ETC.
Name of publisher, distributor, etc. Agromisa Foundation,
Date of publication, distribution, etc. 2001.
300 ## - PHYSICAL DESCRIPTION
Extent 92p.:
Other physical details ill (diagrams);
Dimensions 21cm.
700 ## - ADDED ENTRY--PERSONAL NAME
Personal name Anschutz Justine and Nederlof Marc.
Dates associated with a name 1997
942 ## - ADDED ENTRY ELEMENTS (KOHA)
Source of classification or shelving scheme Library of Congress Classification
Koha item type Non-Fiction
Suppress in OPAC No
Holdings
Withdrawn status Lost status Source of classification or shelving scheme Damaged status Not for loan Collection Home library Current library Shelving location Date acquired Source of acquisition Total Checkouts Full call number Barcode Date last seen Price effective from Koha item type
    Library of Congress Classification     Non-fiction Kapasa Makasa University Kapasa Makasa University Open Access 26.03.2024 Book Aid International   S 619. W38 Wat 740768 26.03.2024 26.03.2024 Non-Fiction